Let us learn Hindi (Swayam prasikshan kit) (Hindi) (Record no. 74979)

MARC details
000 -LEADER
fixed length control field 00273nam a22001097a 4500
082 ## - DEWEY DECIMAL CLASSIFICATION NUMBER
Classification number 811.214.21
Item number SAS
100 ## - MAIN ENTRY--AUTHOR NAME
Personal name SASIKUMAR, J
245 ## - TITLE STATEMENT
Title Let us learn Hindi (Swayam prasikshan kit) (Hindi)
260 ## - PUBLICATION, DISTRIBUTION, ETC. (IMPRINT)
Place of publication Hyderabad
Name of publisher Gita Prakashan
Year of publication 2015
300 ## - PHYSICAL DESCRIPTION
Number of Pages 167p.
942 ## - ADDED ENTRY ELEMENTS (KOHA)
Koha item type Books
Holdings
Withdrawn status Lost status Damaged status Not for loan Home library Current library Date acquired Source of acquisition Full call number Accession Number Koha item type
        RRII Library RRII Library 21/03/2023 Complementary copy from Hindi section, HO, Kottayam 811.214.21 SAS G01695 Books